000 00820cab a2200277 4500
001 ABS58260
008 090401t1998 xxu||||| |||| 00| 0 eng d
035 _a(Sirsi) u84518
041 _aeng
100 _aCole, M.
245 _aStorm warning
260 _c1998
350 _a0
490 _aBuilding
_v263(8027) 20 February 1998, 58-59(2)
520 _aWith strong gales on the increase in Britain, the Building Regulations are under review to ensure buildings are structurally safe in storm conditions.
650 _aBRE
650 _aBUILDING PERFORMANCE
650 _aBUILDING REGULATIONS
_96224
650 _aCLIMATE CHANGE
650 _aSTORM DAMAGE
650 _aSTORMS
650 _aSTRUCTURAL DAMAGE
690 _aBUILDING AND CONSTRUCTION-REGULATIONS
942 _n0
948 _c26/02/1998
999 _c53113
_d53113